000 00647nam a2200229Ia 4500
003 OSt
005 20221007080105.0
006 a|||||r|||| 00| 0
007 ta
008 221006b |||||||| |||| 00| 0 eng d
024 _a12,578
037 _cTextual
040 _aFLL
_cFLL
_beng
041 _2eng
_aeng
082 _aV247.N68t, K8
100 _aGajendragadkar P.B. Co.
_9694617
245 0 _aReport of the Jammu & Kashmir commission of inquiry
260 _aNew Delhi
_bSundeep pub. India
_c1968
300 _a125p
_ccm.
942 _hV247.N68t, K8
_cTEXL
_2CC
999 _c1158335
_d1158335